A site-by-site answer to finding land for new homes (Record no. 63296)
[ view plain ]
| 000 -LEADER | |
|---|---|
| fixed length control field | 00861cam a2200217 4500 |
| 001 - CONTROL NUMBER | |
| control field | ABS62203 |
| 008 - FIXED-LENGTH DATA ELEMENTS--GENERAL INFORMATION | |
| fixed length control field | 000000n2000 000 0 eng u |
| 035 ## - SYSTEM CONTROL NUMBER | |
| System control number | (Sirsi) u105687 |
| 100 ## - MAIN ENTRY--PERSONAL NAME | |
| Personal name | Graham, D. |
| 245 #2 - TITLE STATEMENT | |
| Title | A site-by-site answer to finding land for new homes |
| 260 ## - PUBLICATION, DISTRIBUTION, ETC. | |
| Date of publication, distribution, etc. | 2000 |
| 490 ## - SERIES STATEMENT | |
| Series statement | Municipal Journal |
| Volume/sequential designation | 14 April 2000, 20-21(2) |
| 520 ## - SUMMARY, ETC. | |
| Summary, etc. | The director of housing at Enfield LBC explains Enfueld council's approach to housing provision. Its Comprehensive Development Initiative has identified space to build 2,000 homes on disused sites by the end of 2006. Local tenant groups endorse the project and will be involved in the direction of the first two projects. |
| 590 ## - LOCAL NOTE (RLIN) | |
| Local note | ABS |
| 650 ## - SUBJECT ADDED ENTRY--TOPICAL TERM | |
| Topical term or geographic name entry element | BROWNFIELD SITES |
| 650 ## - SUBJECT ADDED ENTRY--TOPICAL TERM | |
| Topical term or geographic name entry element | SOCIAL HOUSING |
| 650 ## - SUBJECT ADDED ENTRY--TOPICAL TERM | |
| Topical term or geographic name entry element | ENFIELD LBC |
| 650 ## - SUBJECT ADDED ENTRY--TOPICAL TERM | |
| Topical term or geographic name entry element | PPG3 |
| 690 ## - LOCAL SUBJECT ADDED ENTRY--TOPICAL TERM (OCLC, RLIN) | |
| Topical term or geographic name as entry element | HOUSING-DEVELOPMENT |
| 942 ## - ADDED ENTRY ELEMENTS (KOHA) | |
| Suppress in OPAC | 0 |
| Withdrawn status | Lost status | Source of classification or shelving scheme | Damaged status | Not for loan | Home library | Current library | Shelving location | Date acquired | Total Checkouts | Full call number | Barcode | Date last seen | Copy number | Price effective from | Koha item type |
|---|---|---|---|---|---|---|---|---|---|---|---|---|---|---|---|
| Dewey Decimal Classification | London | London | Journal article | 02/05/2000 | ABS62203 | 105687-1001 | 06/08/2019 | 1 | 06/08/2019 | Journal article |